Daily Capital City Riddle #93 - Statistics

General Stats
  • This quiz has been taken 35 times
  • The average score is 30 of 31
Answer Stats
Type Answer % Correct
Alphabet Letter A
100%
Alphabet Letter I
100%
Found Letter L
100%
Found Letter M
100%
Found Letter O
100%
Alphabet Letter S
100%
Alphabet Letter B
96%
Alphabet Letter C
96%
Alphabet Letter D
96%
Found Letter E
96%
Alphabet Letter F
96%
Alphabet Letter G
96%
Alphabet Letter H
96%
Alphabet Letter J
96%
Alphabet Letter K
96%
Correctly Placed Letter L
96%
Correctly Placed Letter M
96%
Alphabet Letter N
96%
Correctly Placed Letter O
96%
Alphabet Letter P
96%
Alphabet Letter Q
96%
Alphabet Letter R
96%
Alphabet Letter T
96%
Alphabet Letter U
96%
Alphabet Letter V
96%
Alphabet Letter W
96%
Alphabet Letter X
96%
Alphabet Letter Y
96%
Alphabet Letter Z
96%
Correctly Placed Letter E
92%
Mystery Capital Lomé
92%
No matching quizzes found
Score Distribution
Percent of People with Each Score
Percentile by Number Answered
Your Score History
You have not taken this quiz